000 00651cam a22002291 4500
001 000009203
005 20200929161522.0
008 751010s1972 ec 000 1 spas
010 _a 72341766
035 _a(OCoLC)1692695
040 _aDO-SdBNP
_cNIC
_dBNPHU
042 _apremarc
082 _aE863.44
_bN964d
100 2 _aNúñez Baquero, Fabián.
_923885
245 1 0 _aDijo la tortuga :
_b(cuentos, apólogos, prosa).
260 _a[Quito, :
_bOlmedo,
_c1972.
300 _a57 p. ;
_c21 cm.
650 4 _aCuentos ecuatorianos
_917829
650 4 _aLiteratura ecuatoriana
_93938
910 _aCatalogación por copia / LC
049 _aBNGR
999 _c8966
_d8966